Top of the league / (Record no. 1177)

MARC details
000 -LEADER
fixed length control field 01141cam a22003017a 4500
005 - DATE AND TIME OF LATEST TRANSACTION
control field 20231124095934.0
020 ## - INTERNATIONAL STANDARD BOOK NUMBER
International Standard Book Number 9781933605012
040 ## - CATALOGING SOURCE
Original cataloging agency DLC
Transcribing agency DLC
Modifying agency DLC
Language of cataloging eng
050 00 - LIBRARY OF CONGRESS CALL NUMBER
Classification number PZ7
082 ## - DEWEY DECIMAL CLASSIFICATION NUMBER
Classification number 823.92
100 1# - MAIN ENTRY--PERSONAL NAME
Personal name Bedford, David
Dates associated with a name 1969-
245 10 - TITLE STATEMENT
Title Top of the league /
Statement of responsibility, etc. David Bedford ; illustrated by Keith Brumpton.
250 ## - EDITION STATEMENT
Edition statement First American Edition 2006
260 ## - PUBLICATION, DISTRIBUTION, ETC.
Place of publication, distribution, etc. La Jolla :
Name of publisher, distributor, etc. Kane/Miller Book Publishers,
Date of publication, distribution, etc. 2006
300 ## - PHYSICAL DESCRIPTION
Extent 75 pages :
Other physical details Illustrations ;
Dimensions 21 cm
490 0# - SERIES STATEMENT
Series statement The team
Volume/sequential designation Book 2
505 ## - FORMATTED CONTENTS NOTE
Formatted contents note O <br/>
520 ## - SUMMARY, ETC.
Summary, etc. The Team are winning They only need one more point to win the league, and tensions are high. So when Darren, the goalkeeper, makes a mistake, the rest of The Team are furious. Suddenly, they're all fighting and losing. Even Professor Gertie and Mark I are argiung What can Harvey do to save the situation?
521 ## - TARGET AUDIENCE NOTE
Target audience note 620 <br/>
Source Lexile <br/>
521 ## - TARGET AUDIENCE NOTE
Target audience note O <br/>
Source Raz-Plus <br/>
650 ## - SUBJECT ADDED ENTRY--TOPICAL TERM
Topical term or geographic name entry element Soccer
650 ## - SUBJECT ADDED ENTRY--TOPICAL TERM
Topical term or geographic name entry element European Football
650 ## - SUBJECT ADDED ENTRY--TOPICAL TERM
Topical term or geographic name entry element Sports
700 1# - ADDED ENTRY--PERSONAL NAME
Personal name Brumpton, Keith
Relator term Illustrator
906 ## - LOCAL DATA ELEMENT F, LDF (RLIN)
a 7
b cbc
c orignew
d 4
e epcn
f 20
g y-gencatlg
942 ## - ADDED ENTRY ELEMENTS (KOHA)
Source of classification or shelving scheme Dewey Decimal Classification
Koha item type Books
Suppress in OPAC No
999 ## -
-- 1177
-- 1177
Holdings
Withdrawn status Lost status Source of classification or shelving scheme Damaged status Not for loan Collection Home library Current library Shelving location Date acquired Total Checkouts Full call number Barcode Date last seen Date last checked out Price effective from Koha item type
    Dewey Decimal Classification     Juvenile Fiction Footprints International School Library Network Toul Kork Campus Footprints International School Library Network Toul Kork Campus   08/07/2023 4 DAV 823.92 PZ7 FISTKG6A087 09/11/2024 08/21/2024 08/07/2023 Books